000 00791nas a2200265 4500
001 BR0204009
003 BR-BrBNA
005 20231205103149.0
007 ta
008 230509b bl.|||p| |||| 00| 00por d
040 _aBR-BrBNA
_bpor
_cBiblioteca Nacional de Agricultura
041 _a(Pt)
072 _aL74; L70
100 1 _aBorges, J.R.J.
100 1 _aPitombo, C.A.
100 1 _aMársico, F.
245 1 _aConduta cirúrgica em casos de hiperplasia interdigital em bovinos
650 _aBOVINO
650 _aHIPERPLASIA
650 _aCIRURGIA
650 _aVETERINÁRIA
773 0 _tRevista Brasileira de Medicina Veterinária (Brazil)
_xISSN 0100-2430
_g(Jan-Feb 2002), v. 24(1) p. 39-42
_wBR0204009
909 _a202311
_bLúcia
_c55
_dLúcia Elande
942 _2AGRIS
_n0
_cANA
999 _c171429
_d171429